00597nam a2200145 a 450000100100000000500170001000800410002704000250006808200140009310000250010724501240013226001330025630000200038950000420040900002791120200930031208.0110405s1986 cl 000 0 spa d aDO-SdBNPbspacBNPHU axxxbU76m1 aUribe Uribe, Rodolfo10aModernización y cambio en sistemas e informática :brealizaciones en informática púlica /cRodolfo Uribe Uribe. aBogotá, (Colombia) :bDepartamento Administrativo de la Presidencia de la República Secretaría de Informática,c[1986?]. a88 p. ;c24 cm. aIncluye notas al pie de las páginas